00901 a2200193 4500020001500000020001500015040001300030082001100043100002200054245015300076250001200229260005600241300003500297650004400332650004200376856009200418856009100510856010600601 a0761924418 a0761924426 aDLCbDLC00a300.721 aCreswell, John W.10aResearch design: qualitative, quantitative, and mixed method approaches bqualitative, quantitative, and mixed method approaches cJohn W. Creswell. a2nd ed. aThousand Oaks, Calif. :bSage Publications,cc2003. axxvi, 246 p. :bill. ;c25 cm. 0aSocial sciencesxResearchxMethodology. 0aSocial sciencesxStatistical methods.413Table of contents onlyuhttp://www.loc.gov/catdir/enhancements/fy0658/2002005575-t.html413Publisher descriptionuhttp://www.loc.gov/catdir/enhancements/fy0658/2002005575-d.html413Contributor biographical informationuhttp://www.loc.gov/catdir/enhancements/fy0734/2002005575-b.html